[Event "Manavgat Turkey Cup"]
[Site "Manavgat"]
[Date "2016.02.04"]
[Round "8"]
[White "Metin, Mehmet"]
[Black "Arat, Ufuk Sezen"]
[Result "0-1"]
[WhiteElo "2149"]
[BlackElo "2421"]
[PlyCount "118"]
[EventDate "2016.01.30"]
[EventType "swiss"]
[EventRounds "11"]
[EventCountry "TUR"]
[SourceTitle "CBM 170 Extra"]
[Source "ChessBase"]
[SourceDate "2016.02.25"]
[SourceVersion "1"]
[SourceVersionDate "2016.02.25"]
[SourceQuality "1"]

1. Nf3 g6 2. c4 Bg7 3. Nc3 c5 4. g3 Nc6 5. Bg2 e5 6. 0-0 Nge7 7. d3 0-0 8. a3 d6 9. Rb1 a5 10. Ne1 Be6 11. Nd5 Rb8 12. a4 Nb4 13. Nxe7+ Qxe7 14. Bd2 Qd7 15. Bc3 f5 16. b3 g5 17. e3 f4 18. d4 cxd4 19. exd4 Bf5 20. dxe5 Bxb1 21. Bxb4 Bxe5 22. Nf3 axb4 23. Nxe5 Qe7 24. Bd5+ Kg7 25. Nd7 Qxd7 26. Qd4+ Rf6 27. Rxb1 Re8 28. Rd1 Qc7 29. gxf4 gxf4 30. Kh1 Re5 31. Bf3 b6 32. Rg1+ Rg6 33. Qxf4 Rxg1+ 34. Kxg1 Qf7 35. Qg3+ Qg6 36. Qxg6+ Kxg6 37. Kf1 Kg5 38. Bc6 Kf4 39. h3 Rh5 40. Bd7 Ke4 41. Ke2 Rg5 42. Bg4 h5 43. Bd7 Rg1 44. Be8 h4 45. Bh5 Ra1 46. Bg6+ Kf4 47. Bf7 Ra2+ 48. Kf1 Rb2 49. Kg2 Re2 50. Kf1 Re7 51. Bg6 Rg7 52. Bh5 Ke4 53. Bg4 Kd3 54. Be6 Re7 55. Bd5 Re8 56. Kg2 Rf8 57. Be6 Rf6 58. Bd5 Ke2 59. Be4 Rxf2+ 0-1